Impact of Renewable energy Sources on Ancillary Services in the Power system and a Functional Model of the Market for Ancillary Services and Control Power in the Republic of Macedonia = Vplyv obnoviteľných zdrojov energie na podporné služby v elektrizačnej sústyve a funkčný model trhu podporných služieb a regulačnej energie v Macedonskej republike

Guardado en:
Detalles Bibliográficos
Autor principal: Minovski, Dragan, 1980- (Autor)
Otros Autores: Janíček, František, 1954- (Orientador)
Formato: Manuscrito Libro
Lenguaje:eslovaco
Publicado: Bratislava : STU v Bratislave FEI, 2009
Materias:
Etiquetas: Agregar Etiqueta
Sin Etiquetas, Sea el primero en etiquetar este registro!

MARC

LEADER 00000ntm a22000003a 4500
001 stu192646
005 20170220114332.9
008 091015s2009----xo------------------slo-d
040 |a STU  |b slo 
041 0 |a slo 
044 |a xo 
100 1 |a Minovski, Dragan,  |d 1980-  |4 aut  |X 42567  |7 A000042567 
245 1 |a Impact of Renewable energy Sources on Ancillary Services in the Power system and a Functional Model of the Market for Ancillary Services and Control Power in the Republic of Macedonia = Vplyv obnoviteľných zdrojov energie na podporné služby v elektrizačnej sústyve a funkčný model trhu podporných služieb a regulačnej energie v Macedonskej republike 
260 |a Bratislava :  |b STU v Bratislave FEI,  |c 2009 
300 |a 136 s 
650 7 |a Elektroenergetika  |2 stusub 
650 7 |a obnoviteľné zdroje energie  |2 stusub 
650 7 |a podporné zdroje  |2 stusub 
650 7 |a Macedónsko  |2 stusub 
700 1 |a Janíček, František,  |d 1954-  |4 ths  |u E020  |U FEI Fakulta elektrotechniky a informatiky  |T FEI Ústav elektroenergetiky a aplikovanej elektrotechniky  |X 1958  |U E020  |Y 548  |7 A000001958 
996 |b 284ED01237  |c E*ZP-101  |l EE01  |s A  |a 24  |w stu192646_0001